000 00274nam a22001217a 4500
008 160519b xxu||||| |||| 00| 0 eng d
020 _a9780393061161
020 _a0393061167
041 _aeng
080 _a61
245 _aCultural amnesia:
_cClive James;
942 _2udc
_cBK
999 _c2239
_d2239